000 01429nam a2200349 a 4500
001 ebr10333402
003 CaPaEBR
006 m u
007 cr cn|||||||||
008 090713s2009 enk sb 001 0 eng d
010 _z 2009291828
015 _aGBA8C9161
_2bnb
016 7 _z014800292
_2Uk
020 _z9781845119539
020 _z1845119533
040 _aCaPaEBR
_cCaPaEBR
035 _a(OCoLC)472198728
043 _ae------
050 1 4 _aPN1992.3.E78
_bC47 2009eb
082 0 4 _a384.55094
_222
100 1 _aChalaby, Jean K.
245 1 0 _aTransnational television in Europe
_h[electronic resource] :
_breconfiguring global communications networks /
_cJean K. Chalaby.
260 _aLondon ;
_aNew York :
_bI.B. Tauris ;
_aNew York :
_bDistributed in the United States and Canada exclusively by Palgrave Macmillan,
_c2009.
300 _axviii, 278 p.
504 _aIncludes bibliographical references (p. [245]-262) and index.
533 _aElectronic reproduction.
_bPalo Alto, Calif. :
_cebrary,
_d2013.
_nAvailable via World Wide Web.
_nAccess may be limited to ebrary affiliated libraries.
650 0 _aTelevision broadcasting
_zEurope.
650 0 _aTelevision broadcasting policy
_zEurope.
655 7 _aElectronic books.
_2local
710 2 _aebrary, Inc.
856 4 0 _uhttp://site.ebrary.com/lib/rucke/Doc?id=10333402
_zAn electronic book accessible through the World Wide Web; click to view
999 _c49850
_d49850